| 000 | 00753nam a22002657a 4500 | ||
|---|---|---|---|
| 001 | 9225 | ||
| 003 | FISKH | ||
| 005 | 20251203124528.0 | ||
| 008 | 251203b cb ||||| |||| 00| 0 eng d | ||
| 020 | _a9780590330275 | ||
| 040 |
_aFISKH _beng _cFISKH _dFISKH |
||
| 050 | _aQA115 .L72 | ||
| 082 | _a513.211 | ||
| 100 |
_aLong, Lynette _eAuthor |
||
| 245 |
_aDomino addition / _cby Dr. Lynette Long |
||
| 260 |
_aNew York : _bScholastic Inc. , _c1996 |
||
| 300 |
_a27 unnumbered pages : _bcolor illustrations ; _c22 x 28 cm |
||
| 505 | _aP | ||
| 520 | _aExplains basic addition through the use of dominoes. | ||
| 521 | 8 |
_a660
_bLexile |
|
| 521 | 8 |
_aP
_bRaz-Plus |
|
| 650 |
_aMath concepts _vAddition |
||
| 942 |
_2ddc _cBK _n0 |
||
| 999 |
_c9225 _d9225 |
||